LEADER 01207nam a2200253 i 4500 001 000000171295 003 CaOOAMICUS 005 20080424000000.0 008 080424s1958 it u000 u ita u 013 $a148726 040 $aSeMil$bita 100 1 $aMörike, Eduard,$d<1804-1875>.$0(OLS)http://semarc/name/60085 240 10$aMozart auf Reise nach Prag. Lucie Gelmeroth. Der Schatz.$0(OLS)http://semarc/title/245039 245 10$aTre novelle :$bMozzart in viaggio verso Praga, Lucia Gelmeroth, Il tesoro /$cEduard Mörike ; Introduzione e Traduzione a cura di Giuseppina Saija. 260 $aTorino :$bUnione Tipografico-Editrice Torinese,$cstampa 1958. 300 $a187 p., [1] p. di ritratto ;$c19 cm. 500 $aFondo Ciprandi. 700 1 $aPanzeri Saija, Giuseppina.$0(OLS)http://semarc/name/29688 850 $aSeMil 852 $aSeMil$W1$xVenegono$y1$m1W II 124$j122167$B122167$CSeMilBibl$Z2$F133501 $81 941 1 $a1 961 $aOmaggio: Ciprandi dott. Paolo 996 $6245$aTre novelle :$bMozzart in viaggio verso Praga, Lucia Gelmeroth, Il tesoro$9(OLS)http://semarc/title/245038 996 $6260$aTorino :$bUnione Tipografico-Editrice Torinese$9(OLS)http://semarc/publisher/29628 LEADER 01028nam a2200205 4500 001 000000354852 003 CaOOAMICUS 005 20230803150058.0 008 230803s1911 it 000 u ita r 040 $aSeMil$bita 100 1 $aBazoli, Luigi.$0(OLS)http://semarc/name/117992 245 10$aMontalembert e la libertà d'insegnamento :$bconferenza letta la sera del 9 gennaio 1911, per invito del Circolo bresciano di studenti 'Alessandro Manzoni' /$cAvv. Luigi Bazoli. 264 1$aBrescia :$bLa Scuola,$c1911. 300 $a63 p. ;$c19 cm 650 4$aLibertà d'insegnamento.$0(OLS)http://semarc/subject/38856 850 $aSeMil 852 $aSeMil$W1$xVenegono$y1$m5B IV 1/9$j242827$B246143$CSeMilBibl$Z2$F246143 $81 996 $6245$aMontalembert e la libertà d'insegnamento :$bconferenza letta la sera del 9 gennaio 1911, per invito del Circolo bresciano di studenti 'Alessandro Manzoni'$9(OLS)http://semarc/title/445020 996 $6264$aBrescia :$bLa Scuola$9(OLS)http://semarc/publisher/29831